École professionnelle de garçons : notice notice
Descripción Física:
12 p. ; 24 cm
Materias:
Escoles secundàries -- Currículums
MARC
| LEADER | 00000nam a2200000Ia 4500 | ||
|---|---|---|---|
| 001 | 16539 | ||
| 008 | 160829s1889 xx 000 0 cat d | ||
| 080 | |a 2968, exp. 7 | ||
| 245 | |a École professionnelle de garçons : |b notice | ||
| 260 | |a Saint - Étienne : |b Imprimerie commerciale et administrative ménard, |c 1889 | ||
| 300 | |a 12 p. ; |c 24 cm | ||
| 590 | |a Abans del títol: Ville de Saint-Étienne | ||
| 650 | |a Escoles secundàries |x Currículums |9 48256 | ||
| 901 | |a Arxiu | ||
| 942 | |n 1 | ||
| 952 | |0 0 |1 0 |4 0 |6 2968_EXP_7 |7 1 |9 54426 |a Arxiu |b Arxiu |d 2016-12-01 |l 0 |o 2968, exp. 7 |p 16539 |r 2016-12-01 00:00:00 |w 2016-12-01 |y ARXIU | ||
| 999 | |c 58295 |d 58295 | ||